000
00323nam a2200157Ia 4500
100
_a
Laxman/R.K
650
_a
Fiction
942
_c
BK
366
_f
17.5
245
_a
The tunnel of time:Autobiography
260
_b
Penguin Books
_c
1998
082
_a
920/LAX
_b
LAX
300
_a
236
546
_a
ENGLISH
999
_c
35044
_d
35044